000 01504nam a2200253 a 4500
001 74251
003 BD-RjUL
005 20211209082526.0
008 180417m20102009bg ||||| |||| 000 0 ben d
020 _a9789843308832
_cTk.300.00
035 _a(BD-RjUL)74469
040 _aBD-RjUL
_beng
_cBD-RjUL
041 _aben
082 _223
_a297.5675
_bKUS 2009
100 1 _aকুম্বি, আব্বাস বিন মুহাম্মাদ রেজা
_9221161
245 1 0 _aশোকার্তের দীর্ঘশ্বাস (নাফাসুল মাহমুম) /
_cআব্বাস বিন মুহাম্মাদ রেজা আলকুম্বি, ; অনুবাদ মুহাম্মাদ ইরফানুল হক ; সম্পাদক , এ কে এম রাশিদুজ্জামান , ফাতিমা মূনাওয়ারা
260 _aনড়াইল :
_bওয়াইজম্যান পাব,
_c2009 , 2010
300 _aV ;
_c২৪ সেমি.
505 _aV. 1 - 2. কারবালার মর্মান্তিক ইতিহাস --
650 _aইসলাম
_vইতিহাস
_zইরাক--কারবালা
_9221162
650 _aIslam
_v History.
_zIraq--Karbalāʼ
_9221163
700 _aইরফানুল হক,মুহাম্মাদ , অনুবাদক ; রাশিদুজ্জামান, এ কে এম (সম্পাদক)
_9221164
942 _2ddc
_cBK
999 _c74251
_d74251